Výskumné projekty VEGA na Katedre matematiky

Uložené v:
Podrobná bibliografia
Hlavný autor: Peller, František
Médium: Kapitola
Jazyk:Slovak
Tagy: Pridať tag
Žiadne tagy, Buďte prvý, kto otaguje tento záznam!

MARC

LEADER 00000naa$a2200000$$$4500
001 0097549
005 20240502072058.6
041 0 |a slo 
044 |a SK 
245 1 0 |a Výskumné projekty VEGA na Katedre matematiky  |c František Peller 
100 1 |a Peller, František